Statistiques concernant Ouest Side

Cliquez ici pour prendre le quiz!

Statistiques générales

  • Ce quiz a été pris 6 fois
  • Le résultat moyen est 9 sur 16

Statistiques - réponses

Titres% Correct
9Pitbull
100%
7 - (ft. Malekal Morte)92 izi
75%
12 - (ft. Trade Union, Mister Rudie)Au bout des rêves
75%
4Boîte vocale
75%
5Boulbi
75%
15Couleur ébène
75%
3Le Duc de Boulogne
75%
1Mauvais garçon
75%
2Garde la pêche
50%
13 - (ft. Akon)Gun In Hand
50%
10 - (ft. Kennedy)Je me souviens
50%
16Outro
50%
14 - (ft. Intouchable)Au fond de la classe
25%
11Le météore
25%
8 - (ft. Mac Tyer)Ouais Ouais
25%
6Ouest Side
25%

Distribution des résultats

Percentile par nombre de réponses

% des personnes avec chaque résultat

Votre développement - résultats

Vous n’avez pas pris ce quiz